000 01274cam a22003494a 4500
999 _c1184
_d1184
001 13858699
003 GZU
005 20200929123551.0
008 050202s2006 njuab 001 0 eng
010 _a 2005043043
020 _a0131469061
020 _a9780131469068
035 _a(OCoLC)ocm57594061
040 _aDLC
_beng
_cDLC
_dC#P
_dOCL
_dBAKER
_dYDXCP
_dOCLCQ
_dBTCTA
_dDEBBG
_dOCLCQ
_dOCL
_dDLC
042 _apcc
050 0 0 _aQK47
_b.GRA 2006
084 _aBIO 350f
_2stub
084 _aWB 9200
_2rvk
100 1 _aGraham, Linda E.,
_d1946-
_eauthor
245 1 0 _aPlant biology /
_cLinda E. Graham, James M. Graham, Lee W. Wilcox.
250 _a2nd ed.
260 _aUpper Saddle River, NJ :
_bPearson/Prentice Hall,
_cc2006.
300 _axxix, 670 p. :
_bill. (chiefly col.), maps (some col.) ;
_c29 cm.
500 _aIncludes index.
650 0 _aBotany
_vTextbooks.
655 7 _aLehrbuch.
_2swd
700 1 _aGraham, James M.,
_d1945-
_eauthor
700 1 _aWilcox, Lee Warren.
_eauthor
856 4 1 _3Table of contents
_uhttp://bvbr.bib-bvb.de:8991/F?func=service&doc_library=BVB01&doc_number=013349069&line_number=0001&func_code=DB_RECORDS&service_type=MEDIA
906 _a7
_bcbc
_corignew
_d1
_eocip
_f20
_gy-gencatlg
942 _2lcc
_cBK
_e2nd ed.
_h47
_iGRA
_kQK